00488nam a22001577a 450000500170000001000150001702000260003203500140005803700130007208200120008510000190009724500790011626000400019527000640023530000310029920220822104853.0 aENG-134519 a9788192557366c850.00 aEN-118051 bDBAD/PUB a294.513 aNaravane, V.S. aSages, Nymphs and Deities:bExcursions in Indian Mythology/cV.S. Naravane aNew DelhibPawan Publicationsc2015 aH-1/48, Bengali Colony, Mahaveer EnclavebNew Delhie110045 aix, 304p.bIndexc22cm(hb)